000 00757pam a2200265 a 4500
999 _c314
_d314
001 508273
003 OSt
005 20190821165306.0
008 981102s1999 miu b 000 0 eng
010 _a 98032193
020 _a0892839988 (alk. paper)
035 _a(OCoLC)ocm40354540
035 _a(OCoLC)ocm40354540
040 _aDLC
_cDLC
049 _aPTSS
090 _aBT153.M4
_bR87 1999
100 1 _aRutland, Mark.
245 1 0 _aStreams of mercy :
_breceiving and reflecting God's grace /
_cMark Rutland.
260 _aAnn Arbor, Mich. :
_bVine Books/Servant Publications,
_cc1999.
300 _a209 p. ;
_c21 cm.
504 _aIncludes bibliographical references.
650 0 _aGod
_xMercy.
650 0 _aChristian life.
942 _2ddc
_cBK